|
|
|
|
| LEADER |
00651nab a2200169 i 4500 |
| 001 |
misc40093 |
| 005 |
20191106140855.0 |
| 008 |
180709s2001 hu o 0|| zxx d |
| 022 |
|
|
|a 1215-5233
|
| 040 |
|
|
|a SZTE Miscellanea Repozitórium
|b hun
|
| 041 |
|
|
|a zxx
|
| 100 |
2 |
|
|a Kegyesné Szekeres Erika
|
| 245 |
1 |
2 |
|a A fiúk és a lányok eltérő olvasási szokásairól
|h [elektronikus dokumentum] :
|b egy általános iskolai felmérés tapasztalatai /
|c Kegyesné Szekeres Erika
|
| 260 |
|
|
|c 2001
|
| 300 |
|
|
|a 31-37
|
| 490 |
0 |
|
|a Iskolakultúra
|v 11 No. 5
|
| 856 |
4 |
0 |
|u http://misc.bibl.u-szeged.hu/40093/1/EPA00011_iskolakultura_2001_05_031-037.pdf
|z Dokumentum-elérés
|